[Event "BUL-chT-B (Women) 43th"]
[Site "Albena"]
[Date "2010.05.28"]
[Round "2.1"]
[White "Galunova, Tsveta"]
[Black "Dragasevic, Antonina"]
[Result "1-0"]
[WhiteElo "1969"]
[BlackElo "2168"]
[PlyCount "77"]
[EventDate "2010.05.27"]
[EventType "team-match"]
[EventRounds "2"]
[EventCountry "BUL"]
[SourceTitle "CBM 136 Extra"]
[Source "ChessBase"]
[SourceDate "2010.07.02"]
[SourceVersion "2"]
[SourceVersionDate "2010.07.15"]
[SourceQuality "1"]
[WhiteTeam "Victory (W)"]
[BlackTeam "Georgi Daskalov (W)"]
[WhiteTeamCountry "BUL"]
[BlackTeamCountry "BUL"]

1. e4 c5 2. c3 Nf6 3. e5 Nd5 4. Nf3 e6 5. d4 cxd4 6. cxd4 d6 7. Nc3 Be7 8. exd6 Qxd6 9. Bd3 Nc6 10. 0-0 a6 11. Ne4 Qd8 12. Bg5 h6 13. Bxe7 Ncxe7 14. Qa4+ Nc6 15. Ne5 0-0 16. Nxc6 bxc6 17. Qxc6 Rb8 18. Qd6 Rxb2 19. Rfc1 Nb4 20. Bc4 Nc2 21. Rab1 Rxb1 22. Rxb1 Nxd4 23. Rb8 Nb5 24. Qc5 Qd1+ 25. Bf1 Qd7 26. h3 Rd8 27. Qb6 Rf8 28. a4 Nc7 29. Nd6 Rd8 30. Ne4 Rf8 31. Nc5 Qe7 32. Nd3 Nd5 33. Qc5 Qc7 34. Qxc7 Nxc7 35. Ne5 f6 36. Ng6 Re8 37. Rxc8 Rxc8 38. Ne7+ Kf7 39. Nxc8 1-0

[Event "Belgrade tt Cup"]
[Site "Belgrade"]
[Date "2010.04.17"]
[Round "4.9"]
[White "Dragasevic, Antonina"]
[Black "Milojevic, Miodrag M"]
[Result "1-0"]
[WhiteElo "2166"]
[BlackElo "2063"]
[PlyCount "88"]
[EventDate "2010.04.14"]
[EventType "team-tourn"]
[EventRounds "5"]
[EventCountry "SRB"]
[SourceTitle "EXT 2012"]
[Source "ChessBase"]
[SourceDate "2011.11.24"]
[SourceVersion "1"]
[SourceVersionDate "2011.11.24"]
[SourceQuality "1"]

1. d4 Nf6 2. Nf3 d5 3. e3 e6 4. Bd3 Nbd7 5. b3 b6 6. Bb2 Bb7 7. 0-0 Bd6 8. Ne5 Rc8 9. f4 0-0 10. Nd2 Bb4 11. c3 Be7 12. Qf3 c5 13. Qh3 Ne4 14. Rac1 f5 15. Nxe4 Nxe5 16. Nxc5 bxc5 17. fxe5 Qa5 18. Bb1 Ba6 19. Rf2 cxd4 20. exd4 Bg5 21. Rcc2 Qb5 22. Bc1 Bxc1 23. Rxc1 g6 24. Rd2 Qa5 25. Rdc2 Rc7 26. Qe3 Rfc8 27. Qd2 Kg7 28. h4 h6 29. Kh2 Rc6 30. a4 Qd8 31. g3 g5 32. Rg1 Qe7 33. b4 Bc4 34. Rb2 gxh4 35. gxh4+ Kh7 36. Qf4 Qf7 37. Rbg2 R6c7 38. Qg3 Bb3 39. Qg6+ Qxg6 40. Rxg6 Re7 41. R1g3 Bxa4 42. Rxe6 Rf7 43. Rf6 Rxf6 44. exf6 Bd1 1-0

[Event "EU-ch Seniors 08th"]
[Site "Davos"]
[Date "2008.08.10"]
[Round "2"]
[White "Dragasevic, Antonina"]
[Black "Chernikov, Oleg L"]
[Result "0-1"]
[WhiteElo "2164"]
[BlackElo "2406"]
[PlyCount "90"]
[EventDate "2008.08.09"]
[EventType "swiss"]
[EventRounds "9"]
[EventCountry "SUI"]
[SourceTitle "CBM 126 Extra"]
[Source "ChessBase"]
[SourceDate "2008.11.05"]
[SourceVersion "1"]
[SourceVersionDate "2008.11.05"]
[SourceQuality "1"]

1. d4 Nf6 2. Nf3 c6 3. e3 d5 4. Bd3 Bg4 5. b3 Nbd7 6. Bb2 e6 7. Nbd2 Be7 8. 0-0 0-0 9. c4 Bf5 10. Bxf5 exf5 11. cxd5 Nxd5 12. Qc2 g6 13. Ne5 Nb4 14. Qc3 Nxe5 15. dxe5 Qd3 16. a3 Qxc3 17. Bxc3 Nc2 18. Ra2 Nxa3 19. e4 Nb5 20. Ba1 fxe4 21. Nxe4 Rfd8 22. Rb1 Rd3 23. Kf1 Kf8 24. Ke2 Rd5 25. Rc1 Re8 26. f3 a6 27. Ra4 Red8 28. Rc2 Rd1 29. Rd2 R8xd2+ 30. Nxd2 Rg1 31. Kf2 Bc5+ 32. Kg3 Ke7 33. Bb2 Ke6 34. Re4 Rd1 35. Nc4 Rb1 36. Re2 Bb4 37. Kf4 h6 38. Ke3 Rd1 39. Ke4 Nc7 40. Bd4 Nd5 41. Rc2 Re1+ 42. Ne3 c5 43. Bxc5 Bxc5 44. Rxc5 Rxe3+ 45. Kd4 Rxb3 0-1

[Event "SRB-chT (Women) 1st"]
[Site "Zlatibor"]
[Date "2007.08.30"]
[Round "10"]
[White "Dragasevic, Antonina"]
[Black "Paramentic, Mila"]
[Result "1/2-1/2"]
[WhiteElo "2153"]
[BlackElo "1987"]
[PlyCount "144"]
[EventDate "2007.08.21"]
[EventType "team-tourn"]
[EventRounds "11"]
[EventCountry "YUG"]
[SourceTitle "CBM 120 Extra"]
[Source "ChessBase"]
[SourceDate "2007.11.01"]
[SourceVersion "1"]
[SourceVersionDate "2007.11.01"]
[SourceQuality "1"]

1. e4 e5 2. Bc4 Nf6 3. d3 Bc5 4. Nf3 Nc6 5. Nbd2 h6 6. c3 d6 7. Bb3 0-0 8. h3 Re8 9. 0-0 a6 10. Re1 Be6 11. Bc2 Ba7 12. Nf1 Ne7 13. Ng3 Ng6 14. d4 Qc8 15. dxe5 dxe5 16. Nf5 Qd7 17. Qxd7 Nxd7 18. Be3 Bxe3 19. Rxe3 Rad8 20. Ba4 b5 21. Bb3 Nc5 22. Bxe6 Rxe6 23. g3 Ne7 24. Kf1 f6 25. Nxe7+ Rxe7 26. Ree1 Red7 27. Kg2 Rd3 28. Rac1 Na4 29. Re2 Nb6 30. b3 c5 31. Rcc2 c4 32. Red2 Kf7 33. Rxd3 Rxd3 34. Ne1 Rd1 35. Kf1 Ke7 36. Ke2 Rb1 37. b4 Na4 38. Ng2 Rb2 39. Rxb2 Nxb2 40. Ne3 Na4 41. Nd5+ Kd7 42. f4 exf4 43. gxf4 Nb2 44. Ke3 Nd3 45. Kd4 h5 46. e5 fxe5+ 47. fxe5 h4 48. Ke4 g6 49. Nf4 Nxf4 50. Kxf4 Ke6 51. Ke4 g5 52. a3 g4 53. hxg4 h3 54. Kf3 h2 55. Kg2 h1Q+ 56. Kxh1 Kxe5 57. Kg2 Ke4 58. Kg3 Kd3 59. g5 Kxc3 60. g6 Kd2 61. g7 c3 62. g8Q c2 63. Qd5+ Ke1 64. Qe4+ Kd2 65. Qd4+ Ke1 66. Qc3+ Kd1 67. Qd3+ Kc1 68. Kf2 Kb2 69. Qd4+ Kb1 70. Qd3 Kb2 71. Qd2 Kb1 72. Qd3 Kb2 1/2-1/2

[Event "Wch Seniors (Women) 16th"]
[Site "Arvier"]
[Date "2006.09.19"]
[Round "8"]
[White "Dragasevic, Antonina"]
[Black "Fatalibekova, Elena"]
[Result "1/2-1/2"]
[WhiteElo "2134"]
[BlackElo "2264"]
[PlyCount "114"]
[EventDate "2006.09.11"]
[EventType "swiss"]
[EventRounds "11"]
[EventCountry "ITA"]
[SourceTitle "CBM 114 Extra"]
[Source "ChessBase"]
[SourceDate "2006.11.03"]
[SourceVersion "1"]
[SourceVersionDate "2006.11.03"]
[SourceQuality "1"]

1. e4 c5 2. c3 Nf6 3. e5 Nd5 4. d4 cxd4 5. Qxd4 e6 6. Nf3 Nc6 7. Qe4 d6 8. Bc4 Be7 9. 0-0 dxe5 10. Nxe5 Qc7 11. Nxc6 bxc6 12. Nd2 0-0 13. Nf3 Qb6 14. Bb3 a5 15. c4 Nf6 16. Qh4 Qc5 17. Bc2 Qh5 18. Qxh5 Nxh5 19. Be4 Bb7 20. Ne5 Rac8 21. Bd2 Nf6 22. Bf3 a4 23. b4 Bd6 24. Bc3 Ba6 25. Rfc1 Bxe5 26. Bxe5 Rfd8 27. Bxc6 Rxc6 28. b5 Rc5 29. Bxf6 gxf6 30. bxa6 Ra5 31. Rab1 Rxa6 32. c5 Rc6 33. Rc2 Rd5 34. Rbc1 Kf8 35. Kf1 Ke7 36. Rc4 f5 37. Rxa4 Rdxc5 38. Rxc5 Rxc5 39. Ra7+ Kf6 40. a4 Rc1+ 41. Ke2 Rc2+ 42. Ke3 f4+ 43. Kf3 e5 44. g3 e4+ 45. Kxf4 Rxf2+ 46. Kxe4 Rxh2 47. a5 Rg2 48. Kf3 Ra2 49. a6 Ra3+ 50. Kg4 Kg6 51. Ra8 h5+ 52. Kf4 Kf6 53. a7 Ra4+ 54. Ke3 Ra3+ 55. Kd4 Ra4+ 56. Kc5 Ra1 57. Kb6 Rb1+ 1/2-1/2

[Event "Wch Seniors (Women) 16th"]
[Site "Arvier"]
[Date "2006.09.18"]
[Round "7"]
[White "Epstein, Esther"]
[Black "Dragasevic, Antonina"]
[Result "0-1"]
[WhiteElo "2182"]
[BlackElo "2134"]
[PlyCount "104"]
[EventDate "2006.09.11"]
[EventType "swiss"]
[EventRounds "11"]
[EventCountry "ITA"]
[SourceTitle "CBM 114 Extra"]
[Source "ChessBase"]
[SourceDate "2006.11.03"]
[SourceVersion "1"]
[SourceVersionDate "2006.11.03"]
[SourceQuality "1"]

1. e4 e6 2. Nf3 d5 3. Nc3 c5 4. Bb5+ Bd7 5. exd5 exd5 6. Qe2+ Qe7 7. Nxd5 Bxb5 8. Nc7+ Kd8 9. Qxe7+ Bxe7 10. Nxb5 Nc6 11. 0-0 a6 12. Na3 b5 13. c3 Kc7 14. d4 cxd4 15. cxd4 Bxa3 16. bxa3 Nge7 17. Bf4+ Kb7 18. a4 b4 19. a3 Nd5 20. Bd6 a5 21. axb4 axb4 22. Rfb1 Rhd8 23. Bc5 Ka6 24. Ne5 Nxe5 25. dxe5 Ka5 26. Bd6 Rdc8 27. f4 g6 28. Rb2 Rc4 29. g3 Rac8 30. Kf2 Rc2+ 31. Rxc2 Rxc2+ 32. Kf3 b3 33. e6 fxe6 34. Be5 Nc3 35. Bxc3+ Rxc3+ 36. Ke4 b2 37. Rb1 Rb3 38. Ke5 Kxa4 39. Kxe6 Ka3 40. Kf6 Ka2 41. Re1 b1Q 42. Rxb1 Rxb1 43. Kg7 Rb7+ 44. Kh6 Kb3 45. h4 Kc4 46. h5 gxh5 47. Kxh5 Kd5 48. g4 Ke6 49. Kg5 Rg7+ 50. Kh5 Kf6 51. Kh4 h6 52. Kh5 Rg8 0-1

[Event "Wch Seniors (Women) 16th"]
[Site "Arvier"]
[Date "2006.09.16"]
[Round "6"]
[White "Saunina, Ludmila"]
[Black "Dragasevic, Antonina"]
[Result "1-0"]
[WhiteElo "2290"]
[BlackElo "2134"]
[PlyCount "101"]
[EventDate "2006.09.11"]
[EventType "swiss"]
[EventRounds "11"]
[EventCountry "ITA"]
[SourceTitle "CBM 114 Extra"]
[Source "ChessBase"]
[SourceDate "2006.11.03"]
[SourceVersion "1"]
[SourceVersionDate "2006.11.03"]
[SourceQuality "1"]

1. e4 d5 2. exd5 Qxd5 3. Nc3 Qa5 4. d4 Nf6 5. Nf3 Bg4 6. h3 Bf5 7. Bc4 e6 8. Bd2 Qb6 9. Bb3 Nc6 10. Qe2 Nxd4 11. Nxd4 Qxd4 12. Qb5+ Nd7 13. Qxb7 Qe5+ 14. Be3 Rb8 15. Qc6 Rb6 16. Qa4 Rb4 17. Qxa7 Bc5 18. Qa8+ Rb8 19. Qf3 Bxe3 20. Qxe3 Qa5 21. Qd4 Qe5+ 22. Qxe5 Nxe5 23. f4 Nd7 24. 0-0-0 Nc5 25. Bc4 Rb4 26. b3 Ne4 27. Nxe4 Bxe4 28. Rd2 Ke7 29. Re1 f5 30. g4 g6 31. Red1 Bc6 32. Re1 Be4 33. gxf5 Bxf5 34. h4 Rb6 35. a4 Ra8 36. Re5 Rd6 37. a5 h6 38. a6 Rxd2 39. Kxd2 Kd6 40. Re1 Kc5 41. Bxe6 Rxa6 42. Bxf5 gxf5 43. Re5+ Kd6 44. Rxf5 Ke6 45. Rh5 Kf7 46. Rc5 Rd6+ 47. Ke3 c6 48. Ke4 Kf6 49. f5 Ke7 50. Ke5 Rf6 51. Ra5 1-0

[Event "Wch Seniors (Women) 16th"]
[Site "Arvier"]
[Date "2006.09.15"]
[Round "5"]
[White "Dragasevic, Antonina"]
[Black "Abolina, Arija Solveiga"]
[Result "1-0"]
[WhiteElo "2134"]
[BlackElo "1838"]
[PlyCount "89"]
[EventDate "2006.09.11"]
[EventType "swiss"]
[EventRounds "11"]
[EventCountry "ITA"]
[SourceTitle "CBM 114 Extra"]
[Source "ChessBase"]
[SourceDate "2006.11.03"]
[SourceVersion "1"]
[SourceVersionDate "2006.11.03"]
[SourceQuality "1"]

1. d4 Nf6 2. Nf3 e6 3. e3 c5 4. Bd3 d5 5. b3 Bd7 6. Nbd2 b5 7. dxc5 Bxc5 8. Bb2 Nc6 9. Bxb5 0-0 10. 0-0 Rc8 11. a3 Qe7 12. Qe2 Rfd8 13. Rfd1 Be8 14. Ba6 Rc7 15. Ne5 d4 16. Nxc6 Bxc6 17. e4 e5 18. b4 Bb6 19. Bd3 Ba4 20. Nc4 Rdc8 21. Rd2 Qe6 22. Nxb6 axb6 23. f4 Ne8 24. fxe5 Qxe5 25. Ba6 Rd8 26. Rf1 Nf6 27. Bd3 Bd7 28. Qf2 Be6 29. Qf4 Qxf4 30. Rxf4 Ng4 31. Bb5 Ne3 32. Ba4 Nc4 33. Rxd4 Rxd4 34. Bxd4 Nxa3 35. Bxb6 Rc4 36. Bb3 Rxb4 37. Bc5 Bxb3 38. Bxb4 Nxc2 39. Bc5 Ne1 40. Rf1 Nd3 41. Bd6 f6 42. Rb1 Bc4 43. Rb7 g6 44. Rc7 Bf7 45. Rc8+ 1-0

[Event "Wch Seniors (Women) 16th"]
[Site "Arvier"]
[Date "2006.09.14"]
[Round "4"]
[White "Lebel Arias, Julia"]
[Black "Dragasevic, Antonina"]
[Result "1/2-1/2"]
[WhiteElo "1965"]
[BlackElo "2134"]
[PlyCount "95"]
[EventDate "2006.09.11"]
[EventType "swiss"]
[EventRounds "11"]
[EventCountry "ITA"]
[SourceTitle "CBM 114 Extra"]
[Source "ChessBase"]
[SourceDate "2006.11.03"]
[SourceVersion "1"]
[SourceVersionDate "2006.11.03"]
[SourceQuality "1"]

1. d4 g6 2. Bg5 c5 3. d5 Bg7 4. c3 d6 5. e4 Qb6 6. Qc2 Nf6 7. Nd2 Nbd7 8. Nc4 Qc7 9. a4 b6 10. f4 0-0 11. Nf3 Bb7 12. Bd3 a6 13. 0-0 b5 14. axb5 axb5 15. Ne3 c4 16. Be2 Nc5 17. Bxf6 Bxf6 18. Ng4 Bg7 19. Rxa8 Bxa8 20. Nh4 h5 21. Nf2 Bf6 22. Nf3 e6 23. f5 gxf5 24. exf5 Bxd5 25. fxe6 Bxe6 26. Ne4 Nxe4 27. Qxe4 d5 28. Qe3 Qe7 29. Nd4 Bg4 30. Qxe7 Bxe7 31. Bxg4 hxg4 32. Rf5 b4 33. Rxd5 bxc3 34. bxc3 Ra8 35. Kf2 Bh4+ 36. g3 Ra2+ 37. Ke3 Be7 38. Ne2 Kg7 39. Rf5 Kg6 40. Rf2 Bc5+ 41. Nd4 Rxf2 42. Kxf2 Bxd4+ 43. cxd4 Kf5 44. Ke3 f6 45. d5 Ke5 46. d6 Kxd6 47. Kd4 c3 48. Kxc3 1/2-1/2

[Event "Wch Seniors (Women) 16th"]
[Site "Arvier"]
[Date "2006.09.13"]
[Round "3"]
[White "Dragasevic, Antonina"]
[Black "Khmiadashvili, Tamari"]
[Result "0-1"]
[WhiteElo "2134"]
[BlackElo "2210"]
[PlyCount "135"]
[EventDate "2006.09.11"]
[EventType "swiss"]
[EventRounds "11"]
[EventCountry "ITA"]
[SourceTitle "CBM 114 Extra"]
[Source "ChessBase"]
[SourceDate "2006.11.03"]
[SourceVersion "1"]
[SourceVersionDate "2006.11.03"]
[SourceQuality "1"]

1. d4 d6 2. Nf3 Bg4 3. e3 c6 4. b3 Nd7 5. Bb2 Ngf6 6. Nbd2 e6 7. Bd3 d5 8. h3 Bh5 9. 0-0 Bd6 10. c4 0-0 11. Qc2 Qb8 12. Rac1 Bg6 13. Bxg6 hxg6 14. e4 dxe4 15. Nxe4 Nxe4 16. Qxe4 Bf4 17. Rcd1 Nf6 18. Qc2 Bd6 19. Bc1 c5 20. dxc5 Bxc5 21. Bb2 Qf4 22. Be5 Qf5 23. Qxf5 gxf5 24. Bxf6 gxf6 25. Rd7 b6 26. Rfd1 f4 27. Nd4 a5 28. Nc2 Rfe8 29. a3 Rac8 30. Rb7 Red8 31. Rdd7 Rxd7 32. Rxd7 Kg7 33. a4 e5 34. Kf1 Kg6 35. Ke2 f5 36. Kf3 Kf6 37. Rd5 Rh8 38. Ne1 Ke6 39. Ke2 Rg8 40. Nd3 Bd6 41. Ne1 e4 42. Kf1 Bc5 43. Nc2 Rh8 44. Nd4+ Bxd4 45. Rxd4 f3 46. Rd5 f4 47. Rb5 fxg2+ 48. Kxg2 Rg8+ 49. Kf1 f3 50. Rxb6+ Ke5 51. c5 Kd4 52. c6 Rc8 53. h4 f5 54. h5 f4 55. h6 Rc7 56. b4 axb4 57. Rxb4+ Kd3 58. Rb3+ Kc4 59. Rb1 e3 60. a5 Kc3 61. a6 Rxc6 62. fxe3 fxe3 63. Re1 Kd2 64. h7 Rh6 65. Ra1 Rc6 66. Re1 Rxa6 67. Ra1 Rc6 68. Rc1 0-1

[Event "Serbia-chT (Women)"]
[Site "Zlatibor"]
[Date "2006.08.29"]
[Round "4"]
[White "Milovic, Aleksandra"]
[Black "Dragasevic, Antonina"]
[Result "1/2-1/2"]
[WhiteElo "2182"]
[BlackElo "2134"]
[PlyCount "57"]
[EventDate "2006.08.26"]
[EventType "team-tourn"]
[EventRounds "9"]
[EventCountry "YUG"]
[SourceTitle "EXT 2007"]
[Source "ChessBase"]
[SourceDate "2006.11.23"]
[SourceVersion "1"]
[SourceVersionDate "2006.11.23"]
[SourceQuality "1"]

1. e4 c5 2. Nf3 d6 3. d4 cxd4 4. Nxd4 Nf6 5. Nc3 g6 6. Be3 Bg7 7. f3 Nc6 8. Bc4 Bd7 9. Qd2 0-0 10. 0-0-0 Rc8 11. Bb3 Nxd4 12. Bxd4 b5 13. h4 a5 14. h5 a4 15. hxg6 axb3 16. gxh7+ Kh8 17. axb3 Qa5 18. g4 b4 19. Nb1 Be6 20. Qe3 Rc6 21. Rh2 Rfc8 22. g5 Ne8 23. f4 Bxd4 24. Qxd4+ Ng7 25. Qe3 Qa2 26. Rd3 Qa6 27. Rd1 Qa2 28. Rd3 Qa6 29. Rd1 1/2-1/2

[Event "Serbia-chT (Women)"]
[Site "Zlatibor"]
[Date "2006.08.27"]
[Round "2"]
[White "Dragasevic, Antonina"]
[Black "Aleksov, Anita"]
[Result "1-0"]
[WhiteElo "2134"]
[BlackElo "2014"]
[PlyCount "83"]
[EventDate "2006.08.26"]
[EventType "team-tourn"]
[EventRounds "9"]
[EventCountry "YUG"]
[SourceTitle "EXT 2007"]
[Source "ChessBase"]
[SourceDate "2006.11.23"]
[SourceVersion "1"]
[SourceVersionDate "2006.11.23"]
[SourceQuality "1"]

1. d4 Nf6 2. Nf3 e6 3. e3 c5 4. Bd3 d5 5. b3 cxd4 6. exd4 Nc6 7. Bb2 Bd6 8. 0-0 0-0 9. a3 Qc7 10. Qe2 h6 11. Nbd2 a6 12. Ne5 b5 13. f4 b4 14. a4 Qb6 15. Ndf3 Bb7 16. Rae1 Rfe8 17. Qf2 Ne4 18. Qh4 Rac8 19. g4 Rc7 20. g5 hxg5 21. Nxg5 Nxg5 22. Nxc6 Qxc6 23. Qxg5 g6 24. h4 Kf8 25. Re2 Be7 26. Qh6+ Kg8 27. h5 Bf8 28. Qg5 Qb6 29. hxg6 fxg6 30. Rg2 Rg7 31. Bxg6 Ree7 32. Qh5 Bc6 33. Rf3 Be8 34. Bxe8 Rxg2+ 35. Kxg2 Qc7 36. Rg3+ Bg7 37. Bg6 Qa7 38. Bd3 Kf8 39. Qg6 Qb7 40. Bc1 a5 41. Be3 Qc8 42. f5 1-0

[Event "Serbia-ch (Women)"]
[Site "Vrnjacka Banja"]
[Date "2006.02.??"]
[Round "4"]
[White "Bojovic, Jovana"]
[Black "Dragasevic, Antonina"]
[Result "0-1"]
[WhiteElo "1969"]
[BlackElo "2169"]
[PlyCount "106"]
[EventDate "2006.02.??"]
[EventType "swiss"]
[EventRounds "9"]
[EventCountry "YUG"]
[SourceTitle "CBM 110 Extra"]
[Source "ChessBase"]
[SourceDate "2006.03.10"]
[SourceVersion "2"]
[SourceVersionDate "2006.03.10"]
[SourceQuality "1"]

1. e4 d5 2. exd5 Qxd5 3. Nc3 Qa5 4. g3 Nf6 5. Bg2 c6 6. d3 Bf5 7. Nge2 e5 8. 0-0 Be7 9. Ne4 Nxe4 10. Bxe4 Bxe4 11. dxe4 Nd7 12. Bd2 Qc7 13. Nc1 Nf6 14. Qf3 h5 15. Bg5 Ng4 16. Bxe7 Qxe7 17. h3 Nf6 18. Nd3 0-0-0 19. Qe3 Kb8 20. Qc5 Qxc5 21. Nxc5 Rd2 22. Rac1 Rhd8 23. Rfe1 R2d4 24. Kg2 b6 25. Nd3 Nd7 26. Kf3 f6 27. Re2 Nf8 28. Kg2 Ne6 29. h4 Kc7 30. f4 exf4 31. gxf4 Rxd3 32. cxd3 Nxf4+ 33. Kf3 Nxe2 34. Kxe2 Kd6 35. Rg1 Rg8 36. Ke3 g5 37. b3 c5 38. Rg2 Ke5 39. hxg5 fxg5 40. Rf2 h4 41. Rf5+ Ke6 42. Kf2 g4 43. Rh5 g3+ 44. Kg2 Rg4 45. a3 Rf4 46. Kg1 Kf6 47. e5+ Ke6 48. Kh1 Rd4 49. Kg2 Rxd3 50. Rxh4 Rxb3 51. a4 Rb4 52. Rh6+ Kxe5 53. a5 Rb3 0-1

[Event "Serbia-ch (Women)"]
[Site "Vrnjacka Banja"]
[Date "2006.02.??"]
[Round "6"]
[White "Dragasevic, Antonina"]
[Black "Milutinovic, Stephane"]
[Result "1-0"]
[WhiteElo "2169"]
[BlackElo "2034"]
[PlyCount "51"]
[EventDate "2006.02.??"]
[EventType "swiss"]
[EventRounds "9"]
[EventCountry "YUG"]
[SourceTitle "CBM 110 Extra"]
[Source "ChessBase"]
[SourceDate "2006.03.10"]
[SourceVersion "2"]
[SourceVersionDate "2006.03.10"]
[SourceQuality "1"]

1. d4 Nf6 2. Nf3 g6 3. Nc3 Bg7 4. e4 d6 5. Bc4 0-0 6. h3 e5 7. dxe5 dxe5 8. Qxd8 Rxd8 9. Nxe5 Rf8 10. Bf4 c6 11. a4 Nbd7 12. Nxd7 Bxd7 13. 0-0-0 Rad8 14. e5 Nd5 15. Bxd5 cxd5 16. Rxd5 Bc6 17. Rxd8 Rxd8 18. f3 Re8 19. Re1 Bf8 20. Ne4 Bxe4 21. Rxe4 Rc8 22. c3 a5 23. Kc2 Bb4 24. Be3 Kg7 25. Kb3 Be7 26. Bb6 1-0

[Event "SCG-chT1 (Women)"]
[Site "Vrnjacka Banja"]
[Date "2005.10.18"]
[Round "2"]
[White "Djukic, Sandra"]
[Black "Dragasevic, Antonina"]
[Result "1/2-1/2"]
[WhiteElo "2140"]
[BlackElo "2148"]
[PlyCount "86"]
[EventDate "2005.10.17"]
[EventType "team-tourn"]
[EventRounds "11"]
[EventCountry "YUG"]
[SourceTitle "EXT 2006"]
[Source "ChessBase"]
[SourceDate "2005.11.24"]
[SourceVersion "1"]
[SourceVersionDate "2005.11.24"]
[SourceQuality "1"]

1. g3 e5 2. Bg2 d5 3. c4 c6 4. b3 Nf6 5. Bb2 e4 6. d4 Bb4+ 7. Bc3 Qe7 8. Bxb4 Qxb4+ 9. Qd2 Na6 10. c5 e3 11. fxe3 Bf5 12. Nc3 0-0 13. Nf3 Ne4 14. Nxe4 Bxe4 15. Qxb4 Nxb4 16. Kd2 Rfe8 17. Ne1 a5 18. a3 Nc2 19. Nxc2 Bxg2 20. Rhg1 Be4 21. Rac1 Re6 22. Ne1 Rae8 23. Rf1 f6 24. Rc3 Kf7 25. Nd3 Bxd3 26. Rxd3 g5 27. h3 h5 28. Rc3 Kg6 29. b4 axb4 30. axb4 f5 31. Ra3 Re4 32. Rf3 h4 33. gxh4 Rxh4 34. Ra7 Rh7 35. Rg3 Re4 36. Ke1 g4 37. hxg4 fxg4 38. Kf2 Kg5 39. Kg2 Re6 40. Ra8 Rg7 41. Rd8 Ree7 42. Rf8 Ref7 43. Rd8 Rd7 1/2-1/2

[Event "SCG-chT (Women)"]
[Site "Herceg Novi"]
[Date "2005.05.18"]
[Round "4"]
[White "Dragasevic, Antonina"]
[Black "Boskovic, Malina"]
[Result "0-1"]
[WhiteElo "2159"]
[BlackElo "2077"]
[PlyCount "100"]
[EventDate "2005.05.15"]
[EventType "team-tourn"]
[EventRounds "5"]
[EventCountry "YUG"]
[SourceTitle "CBM 106 Extra"]
[Source "ChessBase"]
[SourceDate "2005.07.01"]
[SourceVersion "1"]
[SourceVersionDate "2005.07.01"]
[SourceQuality "1"]

1. d4 d5 2. Nf3 Nf6 3. e3 Bf5 4. Bd3 Bxd3 5. Qxd3 c6 6. b3 Nbd7 7. Bb2 e6 8. 0-0 Bd6 9. c4 0-0 10. Nbd2 Re8 11. Ne5 Nf8 12. f4 N6d7 13. Rf3 Qe7 14. c5 Bc7 15. b4 f6 16. Nxd7 Nxd7 17. Raf1 Rf8 18. e4 Rae8 19. e5 fxe5 20. fxe5 Rxf3 21. Rxf3 Rf8 22. Rh3 g6 23. Nf3 Qf7 24. Bc1 Bd8 25. Bh6 Qf5 26. Qxf5 Rxf5 27. Kf2 b6 28. Ke3 Be7 29. Rg3 Rh5 30. Bg5 Bf8 31. Kd3 Kf7 32. h3 Be7 33. a3 b5 34. Rg4 Ke8 35. Kc3 Nf8 36. h4 h6 37. Be3 a6 38. Bd2 Bd8 39. Kd3 Be7 40. Rf4 g5 41. g4 Rxh4 42. Rxf8+ Kxf8 43. Nxh4 gxh4 44. Bxh6+ Kf7 45. Be3 Kg6 46. Kc2 Bg5 47. Bf2 h3 48. Bg3 Be3 49. Bh2 Kg5 50. Kd3 Bf4 0-1

[Event "SCG-chT (Women)"]
[Site "Herceg Novi"]
[Date "2005.05.17"]
[Round "3"]
[White "Nestorovic, Irena"]
[Black "Dragasevic, Antonina"]
[Result "1-0"]
[WhiteElo "2060"]
[BlackElo "2159"]
[PlyCount "84"]
[EventDate "2005.05.15"]
[EventType "team-tourn"]
[EventRounds "5"]
[EventCountry "YUG"]
[SourceTitle "CBM 106 Extra"]
[Source "ChessBase"]
[SourceDate "2005.07.01"]
[SourceVersion "1"]
[SourceVersionDate "2005.07.01"]
[SourceQuality "1"]

1. d4 Nf6 2. c4 c5 3. d5 b5 4. Nf3 bxc4 5. Nc3 g6 6. e4 d6 7. Bxc4 Bg7 8. 0-0 0-0 9. e5 Ng4 10. exd6 exd6 11. Bf4 Ne5 12. Nxe5 dxe5 13. Be3 Nd7 14. Bb5 Bb7 15. Bc6 Qc8 16. Qa4 Rd8 17. Rfd1 Bf8 18. Bg5 Nb6 19. Qh4 Rd6 20. Ne4 Bxc6 21. Nxd6 Bxd6 22. dxc6 Qxc6 23. Bf6 Nd5 24. Qe4 Be7 25. Bxe7 Nxe7 26. Qxc6 Nxc6 27. Rd5 f6 28. Rxc5 Nd4 29. Kf1 Rb8 30. b3 Rb7 31. Rac1 Ne6 32. Ra5 Kf7 33. Rc6 Nc7 34. h4 Ke7 35. g3 Nb5 36. Rca6 h5 37. a4 Nd4 38. Rxa7 Rxa7 39. Rxa7+ Ke6 40. b4 Nc6 41. Ra6 Kd5 42. Rxc6 Kxc6 1-0

[Event "SCG-chT (Women)"]
[Site "Herceg Novi"]
[Date "2005.05.15"]
[Round "1"]
[White "Dragasevic, Antonina"]
[Black "Benderac, Ana"]
[Result "1/2-1/2"]
[WhiteElo "2159"]
[BlackElo "2287"]
[PlyCount "86"]
[EventDate "2005.05.15"]
[EventType "team-tourn"]
[EventRounds "5"]
[EventCountry "YUG"]
[SourceTitle "CBM 106 Extra"]
[Source "ChessBase"]
[SourceDate "2005.07.01"]
[SourceVersion "1"]
[SourceVersionDate "2005.07.01"]
[SourceQuality "1"]

1. d4 Nf6 2. Nf3 e6 3. e3 c5 4. Bd3 Qc7 5. b3 cxd4 6. exd4 d5 7. 0-0 a6 8. Bb2 Nc6 9. a3 b5 10. Nbd2 b4 11. a4 a5 12. Qe2 Qb6 13. Bb5 Ba6 14. Ne5 Bxb5 15. Qxb5 Qxb5 16. axb5 Nxe5 17. dxe5 Nd7 18. Bd4 Be7 19. Ra2 Bd8 20. Rfa1 Rb8 21. b6 Bxb6 22. Bxb6 Rxb6 23. Rxa5 0-0 24. Nf3 h6 25. Ra7 Nb8 26. Rc7 Nc6 27. Kf1 g5 28. h3 Kg7 29. Ke2 Kg6 30. Ke3 Rd8 31. Ra4 Rh8 32. g3 Rf8 33. Nd4 Nxd4 34. Kxd4 f6 35. Kc5 Rfb8 36. exf6 Kxf6 37. Kd4 R8b7 38. Rc8 Rb8 39. Rc5 Kf5 40. Ra7 e5+ 41. Ke3 Rd6 42. g4+ Kf6 43. Rcc7 Rbb6 1/2-1/2